000 00314nam a2200133Ia 4500
008 191201s2007 xx 000 0 und d
082 _a658.5
_bAPO
100 _aAPARNA, Raj
245 0 _aOrganizational Behavior
260 _aN.Delhi
_bGalgotia Pub. Pvt
_c2007
300 _a368
650 _aMBA
942 _2ddc
_cBK
999 _c3017
_d3017